Neoliberalism as exception :mutations in citizenship and sovereignty / (Record no. 3672)

000 -LEADER
fixed length control field 02048cam a22004214a 4500
001 - CONTROL NUMBER
control field 14196404
003 - CONTROL NUMBER IDENTIFIER
control field OSt
005 - DATE AND TIME OF LATEST TRANSACTION
control field 20161019102738.0
008 - FIXED-LENGTH DATA ELEMENTS--GENERAL INFORMATION
fixed length control field 051212s2006 ncua b 001 0 eng
010 ## - LIBRARY OF CONGRESS CONTROL NUMBER
LC control number 2005036015
015 ## - NATIONAL BIBLIOGRAPHY NUMBER
National bibliography number GBA629589
Source bnb
016 7# - NATIONAL BIBLIOGRAPHIC AGENCY CONTROL NUMBER
Record control number 013420493
Source Uk
020 ## - INTERNATIONAL STANDARD BOOK NUMBER
International Standard Book Number 0822337363 (cloth : alk. paper)
020 ## - INTERNATIONAL STANDARD BOOK NUMBER
International Standard Book Number 0822337487 (pbk. : alk. paper)
035 ## - SYSTEM CONTROL NUMBER
System control number (OCoLC)ocm62732596
040 ## - CATALOGING SOURCE
Original cataloging agency DLC
Transcribing agency DLC
Modifying agency BAKER
-- UKM
-- C#P
-- IXA
-- YDXCP
-- OCLCQ
-- DLC
042 ## - AUTHENTICATION CODE
Authentication code pcc
043 ## - GEOGRAPHIC AREA CODE
Geographic area code a-cc---
050 00 - LIBRARY OF CONGRESS CALL NUMBER
Classification number JC327.O54 2006
082 00 - DEWEY DECIMAL CLASSIFICATION NUMBER
Classification number 323.601
Edition number 22
100 1# - MAIN ENTRY--PERSONAL NAME
Personal name Ong, Aihwa.
245 10 - TITLE STATEMENT
Title Neoliberalism as exception :mutations in citizenship and sovereignty /
Statement of responsibility, etc Aihwa Ong.
260 ## - PUBLICATION, DISTRIBUTION, ETC. (IMPRINT)
Place of publication, distribution, etc Durham [N.C.] :
Name of publisher, distributor, etc Duke University Press,
Date of publication, distribution, etc 2006.
300 ## - PHYSICAL DESCRIPTION
Extent 292 p. :
Other physical details ill. ;
Dimensions 25 cm.
504 ## - BIBLIOGRAPHY, ETC. NOTE
Bibliography, etc Includes bibliographical references (p. [261]-278) and index.
505 0# - FORMATTED CONTENTS NOTE
Formatted contents note Introduction: Neoliberalism as exception, exception to neoliberalism -- Sisterly solidarity: feminist virtue under "moderate Islam" -- Cyberpublics and the pitfalls of diasporic Chinese politics -- Graduated sovereignty -- Zoning technologies in East Asia -- Latitudes, or how markets stretch the bounds of governmentality -- Higher learning in global space -- Labor arbitrage : displacements and betrayals in Silicon Valley -- Baroque ecology, effervescent citizenship -- A biocartography : maids, neoslavery, and NGOs -- Reengineering the "Chinese soul" in Shanghai?
650 #0 - SUBJECT ADDED ENTRY--TOPICAL TERM
Topical term or geographic name as entry element Autonomy.
650 #0 - SUBJECT ADDED ENTRY--TOPICAL TERM
Topical term or geographic name as entry element State, The.
650 #0 - SUBJECT ADDED ENTRY--TOPICAL TERM
Topical term or geographic name as entry element Citizenship.
650 #0 - SUBJECT ADDED ENTRY--TOPICAL TERM
Topical term or geographic name as entry element Self-determination, National.
650 #0 - SUBJECT ADDED ENTRY--TOPICAL TERM
Topical term or geographic name as entry element Culture and globalization
Geographic subdivision China.
651 #0 - SUBJECT ADDED ENTRY--GEOGRAPHIC NAME
Geographic name China
General subdivision Politics and government
Chronological subdivision 2002-
651 #0 - SUBJECT ADDED ENTRY--GEOGRAPHIC NAME
Geographic name China
General subdivision Economic conditions
Chronological subdivision 2000-
856 41 - ELECTRONIC LOCATION AND ACCESS
Materials specified Table of contents
Uniform Resource Identifier <a href="http://www.loc.gov/catdir/toc/ecip065/2005036015.html">http://www.loc.gov/catdir/toc/ecip065/2005036015.html</a>
906 ## - LOCAL DATA ELEMENT F, LDF (RLIN)
a 7
b cbc
c orignew
d 1
e ecip
f 20
g y-gencatlg
942 ## - ADDED ENTRY ELEMENTS (KOHA)
Source of classification or shelving scheme
Koha item type Book
Holdings
Withdrawn status Lost status Source of classification or shelving scheme Damaged status Not for loan Home library Current library Shelving location Date acquired Total Checkouts Full call number Barcode Date last seen Date checked out Copy number Price effective from Koha item type
          Riara University Library Riara University Library General stack 19/10/2016 8 JC327.O54 2006 8562/16 01/12/2025 28/10/2025 C.1 19/10/2016 Book

Riara University Library,
P.O. Box 49940-00100,
Nairobi, Kenya.